| 000 | 00444nam a22001457a 4500 | ||
|---|---|---|---|
| 003 | OSt | ||
| 082 | _a360 | ||
| 088 | _aT560 | ||
| 100 |
_aHASNA AMEENA P.O _94215 |
||
| 245 | _aAssessment of saline water intrusion from Ponnani to Tavanur along the course of river Bharathapuzha | ||
| 260 |
_aThavanur _bKelappaji College of Agricultural Engineering and Technology _c2022 |
||
| 300 | _a157 | ||
| 700 |
_aANU VARUGHESE (Guide) _95317 |
||
| 942 | _cTH | ||
| 999 |
_c17588 _d17588 |
||